Tyrannosaurus rex (Record no. 407844)
[ view plain ]
| 000 -LEADER | |
|---|---|
| fixed length control field | 00476crm a2200193 i 4500 |
| 005 - DATE AND TIME OF LATEST TRANSACTION | |
| control field | 20250515113712.0 |
| 008 - FIXED-LENGTH DATA ELEMENTS--GENERAL INFORMATION | |
| fixed length control field | 250515b |||||||| |||| 00| 0 eng d |
| 040 ## - CATALOGING SOURCE | |
| Description conventions | rda |
| 092 ## - LOCALLY ASSIGNED DEWEY CALL NUMBER (OCLC) | |
| Item number | Puzzles |
| 245 ## - TITLE STATEMENT | |
| Title | Tyrannosaurus rex |
| 264 ## - Production, Publication, Distribution, Manufacture, and Copyright Notice. | |
| Place of production, publication, distribution, manufacture | Winton, CT : |
| Name of producer, publisher, distributor, manufacturer | Melissa & Doug, |
| Date of production, publication, distribution, manufacture, or copyr | 2025 |
| 300 ## - PHYSICAL DESCRIPTION | |
| Extent | 48 pieces |
| Other physical details | 2 x 3 feet |
| 520 ## - SUMMARY, ETC. | |
| Summary, etc | Children's Floor Puzzle |
| 521 ## - TARGET AUDIENCE NOTE | |
| Target audience note | Kids |
| 942 ## - ADDED ENTRY ELEMENTS (KOHA) | |
| Source of classification or shelving scheme | Dewey Decimal Classification |
| Koha item type | Puzzles |
| Withdrawn status | Lost status | Source of classification or shelving scheme | Damaged status | Not for loan | Collection code | Home library | Current library | Shelving location | Date acquired | Total Checkouts | Total Renewals | Full call number | Barcode | Checked out | Date last seen | Date checked out | Price effective from | Koha item type |
|---|---|---|---|---|---|---|---|---|---|---|---|---|---|---|---|---|---|---|
| Dewey Decimal Classification | Puzzles | Wasatch County Library | Wasatch County Library | Main Floor Magazine Area | 05/15/2025 | 5 | 4 | Puzzles Kids Tyrannosaurus Rex | 34301001877655 | 04/29/2026 | 03/03/2026 | 03/03/2026 | 05/15/2025 | Puzzles |
